000 00915nabaa22002057a 4500
999 _c6132
_d6132
003 OSt
005 20260122222112.0
008 190701b xxu||||| |||| 00| 0 spa d
040 _cPJ
100 _96892
_aCopelli, María Victoria
245 1 0 _aEl acceso a la justicia en grupos vulnerables :
_bmigrantes y personas en situación de movilidad /
_cMaría Victoria Copelli.
300 _ap. 226-232
505 _aSumario: I. Introducción.— II. El problema del acceso a la justicia.—III. Trámite migratorio.— IV. Palabras finales.
505 _t¿Te interesa el texto completo? Comunicate al correo: koha@justierradelfuego.gov.ar
650 0 _9211
_aDERECHO ADMINISTRATIVO
650 0 _94478
_aMIGRACIONES
650 0 _94695
_aSITUACIÓN DE VULNERABILIDAD
773 0 _02842
_93251
_dBuenos Aires : AbeledoPerrot, 2012-
_oDA121
_tDerecho administrativo. Nº 148 julio/agosto 2023
_z18510590
942 _2udc
_cANA